Statystyki dla Najczęściej fotografowane miasta w Europie

Kliknij tutaj aby rozwiązać quiz!

Ogólne statystyki

  • Ten quiz został rozwiązany 17 639 razy
  • Średni wynik to 13 z 25

Statystyki odpowiedzi

#Miasto% Poprawnych
3Paryż
97%
19Berlin
92%
10Madryt
92%
11Londyn
91%
1Rzym
91%
2Barcelona
84%
12Lizbona
72%
9Praga
72%
18Ateny
71%
21Amsterdam
64%
15Wiedeń
64%
8Budapeszt
57%
13Monachium
54%
5Wenecja
51%
25Dublin
49%
4Stambuł
44%
20Porto
31%
6Monako
28%
7Florencja
23%
24Walencja
18%
14Werona
7%
17Granada
6%
16Salzburg
4%
22Fira
3%
23San Sebastián
2%

Rozkład punktacji

Percentyl według liczby udzielonych odpowiedzi

Procent ludzi z każdym wynikiem

Twoja historia wyników

Nie rozwiązałeś tego quizu